| 000 | 01147cad a22002055a 4500 | ||
|---|---|---|---|
| 001 | L153781 | ||
| 008 | 110830e20110830xxk 000 0 eng d | ||
| 035 | _a(Sirsi) u153781 | ||
| 041 | 0 | _aeng | |
| 110 | 2 |
_aEngland and Wales _bEnvironment Agency _92469 |
|
| 245 | 0 | 0 |
_aBack from the brink _bEnvironment Agency reveals the most improved rivers _h[electronic resource] |
| 260 | _c2011 | ||
| 490 |
_aEnvironment Agency Press Release _v30 August 2011 |
||
| 520 | _aA list of the ten most improved rivers in England and Wales is released by the Environment Agency. The list includes the River Wandle in London, the River Thames and the River Wear in County Durham. The trasnformation of these rivers has been achieved thanks to habitat improvement projects, tighter regulations of polluting industries and work with farmers, businesses and water companies to reduce pollution | ||
| 590 | _aKA | ||
| 651 | 4 |
_aEngland and Wales _y1543- |
|
| 690 | _aENVIRONMENTAL AND LAND CONSULTANCY-WATER RESOURCE MANAGEMENT | ||
| 856 | 4 | 0 |
_uhttps://www.environment-agency.gov.uk/news/132754.aspx _zView the Press Release at www.environment-agency.gov.uk |
| 942 | _n0 | ||
| 999 |
_c83373 _d83373 |
||